第一話からアニメを当てる - Statistics

General Stats
  • This quiz has been taken 7 times
  • The average score is 7 of 15
Answer Stats
Hint Answer % Correct
犬とチェンソー チェンソーマン
100%
STONE WORLD Dr.STONE
100%
二千年後の君へ 進撃の巨人
86%
両面宿儺 呪術廻戦
71%
ひたぎクラブ 其ノ壹 化物語
57%
廃部! けいおん!
43%
大穴の街 メイドインアビス
43%
千夏先輩 アオのハコ
43%
悪とは何か――弱さから生ずるすべてのものだ。 ようこそ実力至上主義の教室へ
29%
運命の一球 ダイヤのA
29%
タビダチ×ト×ナカマタチ HUNTER×HUNTER
29%
水炊き/タルト ダンジョン飯
14%
ハジマリ ひぐらしのなく頃に
14%
永遠のライバル ヒカルの碁
14%
Mother and Children 【推しの子】
0%
No matching quizzes found
Score Distribution
Percent of People with Each Score
Percentile by Number Answered
Your Score History
You have not taken this quiz